Frutas nativas das Américas - Sudden Death - Statistics

Estatísticas Gerais
  • Esse quiz foi jogado 283 vezes
  • A pontuação média é 4 de 17
Answers on the Grid
Answers color-coded by a green-red scale on the quiz's grid according to % correct below.
Abacate
Abacaxi
Goiaba
Mamão
Maracujá
Açaí
Jabuticaba
Caju
Guaraná
Cupuaçu
Araçá
Acerola
Cacau
Graviola
Muruci
Tucumã
Pitanga
Banana
Caqui
Laranja
Limão
Manga
Maçã
Melancia
Melão
Pêra
Pêssego
Tangerina
Marmelo
Morango
Uva
Jaca
 
Estatísticas das Respostas
Resposta % Correto
Guaraná
40%
Caju
31%
Açaí
30%
Cupuaçu
30%
Araçá
27%
Jabuticaba
26%
Tucumã
25%
Cacau
21%
Abacate
19%
Abacaxi
19%
Acerola
17%
Pitanga
17%
Mamão
15%
Goiaba
14%
Graviola
14%
Muruci
13%
Maracujá
12%
Nenhum quiz correspondente encontrado
Distribuição das Pontuações
Porcentagem de Pessoas com Cada Pontuação
Percentil de Números Respondidos
Sua Pontuação Histórica
Você não jogou esse quiz